000 00653nam a22002297a 4500
003 MX-MxINE
005 20260530115321.0
008 260518t2002 xxua|||| |||| 00| 0 eng d
040 _aMX-MxINE
_bspa
_cMX-MxINE
_erda
041 _aeng
050 _aNK2715
_bH33 2005
245 _aHabitat :
_bcatalogue autumn-winter 2005
264 _aLondon :
_bHabitat,
_c2002
300 _a311 páginas :
_bilstraciones
336 _2rdacontent
_atexto
337 _2rdamedia
_asin medio
338 _2rdacarrier
_avolumen
650 4 _aMuebles
_xCatálogos
650 4 _aDiseño de mobiliario
650 4 _aDecoración de interiores
_96140
942 _2lcc
_cBK
_n1
999 _c13782
_d13782